The improvement of teaching, (Record no. 98992)
[ view plain ]
| 000 -LEADER | |
|---|---|
| fixed length control field | 00961cam a22003011 4500 |
| 001 - CONTROL NUMBER | |
| control field | 7456970 |
| 003 - CONTROL NUMBER IDENTIFIER | |
| control field | URS |
| 005 - DATE AND TIME OF LATEST TRANSACTION | |
| control field | 20260311073519.0 |
| 008 - FIXED-LENGTH DATA ELEMENTS--GENERAL INFORMATION | |
| fixed length control field | 730911s1955 nyua 000 0 eng |
| 010 ## - LIBRARY OF CONGRESS CONTROL NUMBER | |
| LC control number | 55014469 |
| 035 ## - SYSTEM CONTROL NUMBER | |
| System control number | 7456970 |
| 035 ## - SYSTEM CONTROL NUMBER | |
| System control number | (OCoLC)687695 |
| 040 ## - CATALOGING SOURCE | |
| Original cataloging agency | DLC |
| Transcribing agency | OYU |
| Modifying agency | OCoLC |
| -- | DLC |
| 042 ## - AUTHENTICATION CODE | |
| Authentication code | premarc |
| 050 00 - LIBRARY OF CONGRESS CALL NUMBER | |
| Classification number | LB 1025 |
| Item number | .G1934 1955 |
| 100 1# - MAIN ENTRY--PERSONAL NAME | |
| Personal name | Garrison, Noble Lee, |
| Dates associated with a name | 1884- |
| 245 14 - TITLE STATEMENT | |
| Title | The improvement of teaching, |
| Remainder of title | a two-fold approach/ |
| Statement of responsibility, etc. | Noble Lee Garrison.- |
| 264 ## - PRODUCTION, PUBLICATION, DISTRIBUTION, MANUFACTURE, AND COPYRIGHT NOTICE | |
| Place of production, publication, distribution, manufacture | New York: |
| Name of producer, publisher, distributor, manufacturer | Dryden Press, |
| Date of production, publication, distribution, manufacture, or copyright notice | [1955] |
| 300 ## - PHYSICAL DESCRIPTION | |
| Extent | x, 461 pages: |
| Other physical details | illus.trations; |
| Dimensions | 21 centimeters. |
| 336 ## - CONTENT TYPE | |
| Content type term | text |
| Content type code | txt |
| Source | rdacontent |
| 337 ## - MEDIA TYPE | |
| Media type term | unmediated |
| Media type code | n |
| Source | rdamedia |
| 338 ## - CARRIER TYPE | |
| Carrier type term | volume |
| Carrier type code | nc |
| Source | rdacarrier |
| 500 ## - GENERAL NOTE | |
| General note | Includes notes. |
| 650 #0 - SUBJECT ADDED ENTRY--TOPICAL TERM | |
| Topical term or geographic name entry element | Teaching. |
| 906 ## - LOCAL DATA ELEMENT F, LDF (RLIN) | |
| a | 7 |
| b | cbc |
| c | oclcrpl |
| d | u |
| e | ncip |
| f | 19 |
| g | y-gencatlg |
| 942 ## - ADDED ENTRY ELEMENTS (KOHA) | |
| Source of classification or shelving scheme | Library of Congress Classification |
| Koha item type | Foreign Books |
| Classification part | LB 1025 |
| Item part | .G1934 1955 |
| Withdrawn status | Source of classification or shelving scheme | Damaged status | Not for loan | Home library | Current library | Shelving location | Date acquired | Total Checkouts | Full call number | Barcode | Date last seen | Price effective from | Koha item type |
|---|---|---|---|---|---|---|---|---|---|---|---|---|---|
| Library of Congress Classification | Angono College Library | Angono College Library | Foreign Section | 03/11/2026 | LB 1025 .G1934 1955 | URSANG-5064 | 03/11/2026 | 03/11/2026 | Foreign Books |